GATE Tutor 2025 (Record no. 233627)
[ view plain ]
| 000 -LEADER | |
|---|---|
| fixed length control field | 01145nam a22002417a 4500 |
| 005 - DATE AND TIME OF LATEST TRANSACTION | |
| control field | 20250807164452.0 |
| 008 - FIXED-LENGTH DATA ELEMENTS--GENERAL INFORMATION | |
| fixed length control field | 250113b ||||| |||| 00| 0 eng d |
| 020 ## - INTERNATIONAL STANDARD BOOK NUMBER | |
| International Standard Book Number | 9789359981079 |
| 040 ## - CATALOGING SOURCE | |
| Transcribing agency | AL |
| 041 ## - LANGUAGE CODE | |
| Language code of text/sound track or separate title | English |
| 082 ## - DEWEY DECIMAL CLASSIFICATION NUMBER | |
| Edition number | 23 |
| Classification number | 620.802 |
| Item number | AGAG |
| 100 ## - MAIN ENTRY--PERSONAL NAME | |
| Personal name | B M Agarwal and others |
| 100 ## - MAIN ENTRY--PERSONAL NAME | |
| 9 (RLIN) | 234604 |
| 245 ## - TITLE STATEMENT | |
| Title | GATE Tutor 2025 |
| Remainder of title | : Biotechnology |
| 260 ## - PUBLICATION, DISTRIBUTION, ETC. | |
| Place of publication, distribution, etc. | New Delhi |
| Name of publisher, distributor, etc. | Arihant Publications India Limited |
| Date of publication, distribution, etc. | 2025 |
| 300 ## - PHYSICAL DESCRIPTION | |
| Extent | 771p |
| Other physical details | PB |
| Dimensions | 26x20 cm |
| 365 ## - TRADE PRICE | |
| Price type code | 5996 |
| Price amount | ₹765.00 |
| Currency code | ₹ |
| Unit of pricing | ₹850.00 |
| Price note | 10% |
| Price effective from | 10-1-2025 |
| 520 ## - SUMMARY, ETC. | |
| Summary, etc. | • All the chapters are divided into smaller units for easy learning & understanding<br/>• Each chapter has exercises with questions given as per the GATE pattern<br/>• Complete material for General Aptitude & Engineering Mathematics<br/>• Collection of Unit wise Numerical Answer Type Questions<br/>• Solved Papers to get familiarized with the examination format<br/>• Practice Sets based on the latest exam pattern<br/> |
| 650 ## - SUBJECT ADDED ENTRY--TOPICAL TERM | |
| Topical term or geographic name entry element | Biotechnology Entrance Exam |
| 9 (RLIN) | 193156 |
| 650 ## - SUBJECT ADDED ENTRY--TOPICAL TERM | |
| Topical term or geographic name entry element | Competitive Examination |
| 9 (RLIN) | 193157 |
| 700 ## - ADDED ENTRY--PERSONAL NAME | |
| Personal name | Akansha Singhal |
| 9 (RLIN) | 193158 |
| 700 ## - ADDED ENTRY--PERSONAL NAME | |
| Personal name | Goel, Vidhika |
| 9 (RLIN) | 193159 |
| 942 ## - ADDED ENTRY ELEMENTS (KOHA) | |
| Source of classification or shelving scheme | Dewey Decimal Classification |
| Koha item type | Reference |
| Withdrawn status | Lost status | Source of classification or shelving scheme | Damaged status | Not for loan | Collection code | Home library | Current library | Shelving location | Date acquired | Source of acquisition | Cost, normal purchase price | Total Checkouts | Total Renewals | Full call number | Barcode | Date last seen | Date last checked out | Cost, replacement price | Price effective from | Koha item type |
|---|---|---|---|---|---|---|---|---|---|---|---|---|---|---|---|---|---|---|---|---|
| Dewey Decimal Classification | Reference Book | Bio Technology | St Aloysius Library | St Aloysius Library | Reference Section | 01/13/2025 | Biblios Book Point Surathkal Mangalore 575014 | 765.00 | 3 | 3 | 620.802 AGAG | 077512 | 04/01/2025 | 02/22/2025 | 850.00 | 01/13/2025 | Reference |